रहस्मयी मानव शरीर / (Record no. 69790)

MARC details
000 -LEADER
fixed length control field 01752nam a22003137a 4500
005 - DATE AND TIME OF LATEST TRANSACTION
control field 20110426154449.0
008 - FIXED-LENGTH DATA ELEMENTS--GENERAL INFORMATION
fixed length control field 090408t xxu||||| |||| 00| 0 hin d
010 ## - LCCN (DPL NO)
LC control number HIN-96625 B-490620
020 ## - INTERNATIONAL STANDARD BOOK NUMBER
International Standard Book Number 9788192033174
Terms of availability 250.00
035 ## - SYSTEM CONTROL NUMBER
System control number HN-68971 B-490620
037 ## - SOURCE OF ACQUISITION
Source of stock number/acquisition DBAD / PUB
037 ## - SOURCE OF ACQUISITION
Source of stock number/acquisition प्रकाशन संस्थान
040 ## - CATALOGING SOURCE
Original cataloging agency DPL
Language of cataloging HN
082 ## - DEWEY DECIMAL CLASSIFICATION NUMBER
Classification number 611
100 ## - MAIN ENTRY--PERSONAL NAME
9 (RLIN) 27482
Personal name सिन्हा,सुरेश
245 ## - TITLE STATEMENT
Title रहस्मयी मानव शरीर /
Statement of responsibility, etc सुरेश सिन्हा
260 ## - PUBLICATION, DISTRIBUTION, ETC. (IMPRINT)
Place of publication, distribution, etc नई दिल्ली
Name of publisher, distributor, etc उत्कृष्ट साहित्य
Date of publication, distribution, etc 2011
270 ## - ADDRESS
Address 6-7, श्याम भवन एन.एस.मार्ग दरिया गंज
City नई दिल्ली
Postal code 110002
300 ## - PHYSICAL DESCRIPTION
Extent 160पृ
Dimensions 22 सेमी (सजिल्द)
650 ## - SUBJECT ADDED ENTRY--TOPICAL TERM
9 (RLIN) 1169
650 ## - SUBJECT ADDED ENTRY--TOPICAL TERM
9 (RLIN) 1170
700 ## - ADDED ENTRY--PERSONAL NAME
9 (RLIN) 27483
710 ## - ADDED ENTRY--CORPORATE NAME
9 (RLIN) 52094
942 ## - ADDED ENTRY ELEMENTS (KOHA)
Institution code [OBSOLETE] dpl
Item type Hindi Books
Source of classification or shelving scheme Dewey Decimal Classification
Call number suffix सिन्हासु
Classification part 611
Holdings
Withdrawn status Lost status Source of classification or shelving scheme Damaged status Not for loan Collection code Home library Current library Date acquired Source of acquisition Cost, normal purchase price Total Checkouts Full call number Barcode Date last seen Copy number Cost, replacement price Koha item type
  Written-off vide DLB M. No. 383 dt 16.05.19 Dewey Decimal Classification     Non-fiction Central Library Central Library 04/03/2013 प्रकाशन संस्थान/410/11.01.13/7/18.12.12/15.01.13 250.00   611 सिन्हासु B-490620 04/03/2013 1 250.00 Hindi Books
    Dewey Decimal Classification   Not For Loan Non-fiction D.B.Act.Division D.B.Act.Division 07/09/2012 DBAB/PUB 250.00   611 सिन्हासु HN-68971 07/09/2012 1 250.00 Hindi Books

© Delhi Public Library
Hit Counter
free hit counter